[Event "World Blitz 2016"]
[Site "Doha QAT"]
[Date "2016.12.29"]
[Round "5.33"]
[White "Sanal, Vahap"]
[Black "Bok, Benjamin"]
[Result "0-1"]
[WhiteTitle "GM"]
[BlackTitle "GM"]
[WhiteElo "2474"]
[BlackElo "2598"]
[WhiteFideId "6300545"]
[BlackFideId "1017063"]
[EventDate "2016.12.29"]

1. Nf3 Nf6 2. g3 d5 3. Bg2 c6 4. O-O Bg4 5. d3 Nbd7 6. h3 Bh5 7. g4 Bg6 8. Nh4
e5 9. e3 Bd6 10. f4 h6 11. Nxg6 fxg6 12. g5 hxg5 13. fxg5 Nh5 14. Qg4 Qe7 15. b3
O-O-O 16. c4 e4 17. d4 Ng3 18. cxd5 cxd5 19. Rf2 Rh5 20. Ba3 Nf5 21. Rxf5 gxf5
22. Bxd6 Qxg5 23. Qe2 Rxh3 24. Qc2+ Nc5 25. Qxc5+ Kd7 26. Qc7+ Ke6 27. Qe7+ Qxe7
28. Bxe7 Rdh8 29. Bxh3 Rxh3 30. Ba3 Rxe3 31. Kf2 Rd3 32. Ke2 f4 33. Bb2 f3+ 34.
Ke1 e3 35. Na3 Rd2 36. Bc3 Rh2 37. Kd1 Rh1+ 38. Be1 Kf5 39. Nc2 Ke4 40. Nxe3
Kxe3 41. Kc2 Ke2 42. Rd1 Rxe1 43. Rd2+ Ke3 44. Rd3+ Ke4 45. Rd2 Re2 0-1

[Event "World Blitz 2016"]
[Site "Doha QAT"]
[Date "2016.12.29"]
[Round "5.34"]
[White "Fressinet, Laurent"]
[Black "Atabayev, Maksat"]
[Result "1/2-1/2"]
[WhiteTitle "GM"]
[BlackTitle "GM"]
[WhiteElo "2672"]
[BlackElo "2492"]
[WhiteFideId "608742"]
[BlackFideId "14001101"]
[EventDate "2016.12.29"]

1. Nf3 Nf6 2. g3 d5 3. Bg2 c6 4. O-O g6 5. b3 Bg7 6. Bb2 O-O 7. c4 Bg4 8. d4
Bxf3 9. Bxf3 e6 10. Nd2 Nbd7 11. Bg2 Qe7 12. Nf3 Ne4 13. Qc2 f5 14. Ne5 Nxe5 15.
dxe5 Rfd8 16. Rfd1 Rd7 17. Rac1 Rad8 18. cxd5 exd5 19. f4 h5 20. Bd4 a6 21. e3
Qe6 22. b4 Bf8 23. Rb1 h4 24. Bxe4 dxe4 25. gxh4 Rh7 26. Bc5 Rhd7 27. Rxd7 Qxd7
28. Kh1 Qd3 29. Qb3+ Qxb3 30. axb3 Kf7 31. h5 gxh5 32. Rg1 Bxc5 33. bxc5 Rd3 34.
Rg5 Ke6 35. Rg6+ Ke7 36. Rg7+ Ke6 37. Rxb7 Rxe3 38. Rc7 Rxb3 39. Rxc6+ Ke7 40.
Rxa6 h4 41. Kg2 h3+ 42. Kf2 Rf3+ 43. Ke2 Rxf4 44. c6 Rf3 45. c7 Rc3 46. Rf6 Rxc7
47. Rxf5 Ke6 48. Rh5 Rc3 49. Kd2 Rd3+ 50. Ke2 Ra3 51. Rg5 Kd5 52. Rf5 Kd4 53. e6
Ra2+ 54. Kd1 Ra1+ 55. Ke2 Ra2+ 56. Kd1 Ra6 57. Rh5 Rxe6 58. Rxh3 Ra6 59. Ke2
Ra2+ 60. Ke1 Rg2 61. Ra3 Ke5 62. h4 Kf4 63. h5 Rh2 64. Rb3 Rxh5 65. Ra3 Rd5 66.
Rb3 Ke5 67. Ra3 Kf4 68. Ke2 Rh5 69. Rb3 Rh2+ 70. Ke1 Rc2 71. Ra3 1/2-1/2

[Event "World Blitz 2016"]
[Site "Doha QAT"]
[Date "2016.12.29"]
[Round "5.35"]
[White "Tregubov, Pavel V."]
[Black "Banikas, Hristos"]
[Result "0-1"]
[WhiteTitle "GM"]
[BlackTitle "GM"]
[WhiteElo "2585"]
[BlackElo "2568"]
[WhiteFideId "4115341"]
[BlackFideId "4202031"]
[EventDate "2016.12.29"]

1. d4 Nf6 2. c4 g6 3. Nc3 Bg7 4. e4 d6 5. Bg5 h6 6. Be3 c5 7. d5 Ng4 8. Bd2 Bd4
9. Nh3 e5 10. dxe6 Bxe6 11. Be2 Qd7 12. O-O Ne5 13. Nf4 Bxc4 14. Nfd5 Bxd5 15.
Nxd5 Qd8 16. Rb1 Nbc6 17. b4 cxb4 18. Bxb4 O-O 19. Bd2 Qh4 20. Rxb7 Rab8 21.
Rxb8 Rxb8 22. Qc1 Rb2 23. a4 Kh8 24. Bb5 Ng4 25. h3 Nxf2 26. Be1 Nxh3+ 27. Kh2
Nf2+ 0-1

[Event "World Blitz 2016"]
[Site "Doha QAT"]
[Date "2016.12.29"]
[Round "5.36"]
[White "Christiansen, Johan-Sebastian"]
[Black "Aronian, Levon"]
[Result "0-1"]
[WhiteTitle "IM"]
[BlackTitle "GM"]
[WhiteElo "2429"]
[BlackElo "2785"]
[WhiteFideId "1512668"]
[BlackFideId "13300474"]
[EventDate "2016.12.29"]

1. Nf3 Nf6 2. c4 e6 3. g3 a6 4. Bg2 b5 5. b3 c5 6. O-O Bb7 7. Nc3 Qb6 8. Re1 Be7
9. e4 O-O 10. d4 cxd4 11. Nxd4 bxc4 12. bxc4 Qc7 13. Rb1 Nc6 14. e5 Ne8 15. Nxc6
Bxc6 16. Nd5 Qd8 17. Nxe7+ Qxe7 18. Bxc6 dxc6 19. Qa4 c5 20. Ba3 Qc7 21. Rbd1
Ra7 22. Rd3 h6 23. Red1 Qxe5 24. Rd8 Nf6 25. Rxf8+ Kxf8 26. Qa5 Kg8 27. Bxc5 Rc7
28. Bd6 Qxa5 0-1

[Event "World Blitz 2016"]
[Site "Doha QAT"]
[Date "2016.12.29"]
[Round "5.37"]
[White "Mchedlishvili, Mikheil"]
[Black "Mareco, Sandro"]
[Result "1-0"]
[WhiteTitle "GM"]
[BlackTitle "GM"]
[WhiteElo "2601"]
[BlackElo "2635"]
[WhiteFideId "13600966"]
[BlackFideId "112275"]
[EventDate "2016.12.29"]

1. e4 c5 2. Ne2 e6 3. d4 cxd4 4. Nxd4 a6 5. Bd3 Bc5 6. Nb3 Be7 7. O-O d6 8. a4
Nf6 9. a5 Nc6 10. Nc3 d5 11. exd5 exd5 12. Be3 O-O 13. Bb6 Qd6 14. Bc5 Qd8 15.
Bxe7 Qxe7 16. Re1 Qc7 17. h3 Be6 18. Ne2 Rae8 19. Ned4 Bc8 20. Qd2 Ne4 21. Qe3
f5 22. Nxc6 bxc6 23. f3 Nf6 24. Qb6 Qg3 25. Qf2 Qd6 26. Nc5 d4 27. b4 f4 28.
Rxe8 Rxe8 29. Rd1 Re3 30. Bc4+ Kf8 31. Qd2 g5 32. Bf1 Bf5 33. Qxd4 Qxd4 34. Rxd4
Bxc2 35. Nxa6 Re1 36. Kf2 Ra1 37. Rd2 Bf5 38. Nc7 h5 39. Bd3 Bc8 40. Be4 Ke7 41.
Bxc6 g4 42. hxg4 hxg4 43. fxg4 Nxg4+ 44. Ke2 Ne5 45. Bf3 Rc1 46. Nd5+ Kf7 47.
Nxf4 Ba6+ 48. Kf2 Kf6 49. Nd5+ Kg5 1-0

[Event "World Blitz 2016"]
[Site "Doha QAT"]
[Date "2016.12.29"]
[Round "5.38"]
[White "Agdestein, Simen"]
[Black "Volokitin, Andrei"]
[Result "1/2-1/2"]
[WhiteTitle "GM"]
[BlackTitle "GM"]
[WhiteElo "2602"]
[BlackElo "2649"]
[WhiteFideId "1500015"]
[BlackFideId "14107090"]
[EventDate "2016.12.29"]

1. c4 g6 2. Nc3 c5 3. g3 Bg7 4. Bg2 Nc6 5. Nf3 e6 6. O-O Nge7 7. d3 O-O 8. a3 d5
9. Bd2 b6 10. Rb1 d4 11. Na4 a5 12. b4 axb4 13. axb4 cxb4 14. Bxb4 Nxb4 15. Rxb4
Nc6 16. Rxb6 Rxa4 17. Rxc6 Ra2 18. Qb3 Rxe2 19. Ra1 Bd7 20. Rb6 Qf6 21. Kf1 Re3
22. fxe3 dxe3 23. Re1 g5 24. h3 h5 25. g4 hxg4 26. hxg4 Qf4 27. c5 Ra8 28. c6
Bd4 29. Rb4 Qg3 30. Qc2 Bxc6 31. Nxd4 Bxg2+ 32. Qxg2 Qf4+ 33. Qf3 Qh2 34. Qxa8+
Kg7 35. Qg2 Qf4+ 36. Qf3 1/2-1/2

[Event "World Blitz 2016"]
[Site "Doha QAT"]
[Date "2016.12.29"]
[Round "5.39"]
[White "Potapov, Pavel"]
[Black "Anton Guijarro, David"]
[Result "1-0"]
[WhiteTitle "GM"]
[BlackTitle "GM"]
[WhiteElo "2493"]
[BlackElo "2650"]
[WhiteFideId "4169786"]
[BlackFideId "2285525"]
[EventDate "2016.12.29"]

1. e4 g6 2. Nc3 Bg7 3. h4 h5 4. d4 c6 5. Nf3 d6 6. Be2 Bg4 7. Ng5 Bxe2 8. Nxe2
e6 9. Be3 Nf6 10. Qd3 Ng4 11. Bd2 Nd7 12. f3 Ngf6 13. O-O-O a5 14. f4 Qe7 15. f5
gxf5 16. exf5 e5 17. dxe5 dxe5 18. Ng3 Nd5 19. N3e4 N7f6 20. c4 Nxe4 21. Nxe4
Nb4 22. Bxb4 axb4 23. f6 Bxf6 24. Rhf1 Rh6 25. Nd6+ Kf8 26. Nf5 e4 27. Qb3 Qe5
28. Nxh6 e3 29. Qxb4+ Ke8 30. Qxb7 1-0

[Event "World Blitz 2016"]
[Site "Doha QAT"]
[Date "2016.12.29"]
[Round "5.40"]
[White "Flores, Diego"]
[Black "Darini, Pouria"]
[Result "1-0"]
[WhiteTitle "GM"]
[BlackTitle "GM"]
[WhiteElo "2579"]
[BlackElo "2511"]
[WhiteFideId "108049"]
[BlackFideId "12502200"]
[EventDate "2016.12.29"]

1. c4 Nf6 2. Nc3 e5 3. Nf3 Nc6 4. e3 Bb4 5. Nd5 Be7 6. a3 d6 7. Qc2 Nxd5 8. cxd5
Nb8 9. d4 exd4 10. Nxd4 Bf6 11. Nb5 Na6 12. Be2 O-O 13. O-O Bd7 14. Bd2 Bxb5 15.
Bxb5 Nc5 16. Rac1 a6 17. Be2 Re8 18. Rfd1 Rc8 19. b4 Nd7 20. Bg4 g6 21. Qa4 Re7
22. Rc2 Bg7 23. Bxd7 Qxd7 24. Qxd7 Rxd7 25. Bc3 Bxc3 26. Rxc3 Kf8 27. g4 Re7 28.
Kg2 Ke8 29. f4 Kd7 30. Kf3 Rce8 31. Rd4 f5 32. h3 Kd8 33. Rd1 Rf7 34. Rg1 Kd7
35. h4 Ree7 36. h5 fxg4+ 37. Rxg4 Rf5 38. hxg6 hxg6 39. Rd3 Rf6 40. Rd1 Rh7 41.
Rdg1 Rh3+ 42. Ke4 Rh6 43. Kd4 Ke7 44. R1g2 Kf7 45. Rc2 Rh1 46. Rxc7+ Ke8 47.
Rxb7 Rd1+ 48. Ke4 Ra1 49. Rh4 1-0

[Event "World Blitz 2016"]
[Site "Doha QAT"]
[Date "2016.12.29"]
[Round "5.41"]
[White "Najer, Evgeniy"]
[Black "Quintiliano Pinto, Renato R."]
[Result "1-0"]
[WhiteTitle "GM"]
[BlackTitle "IM"]
[WhiteElo "2679"]
[BlackElo "2484"]
[WhiteFideId "4118987"]
[BlackFideId "2117568"]
[EventDate "2016.12.29"]

1. e4 c5 2. Nf3 d6 3. d4 cxd4 4. Nxd4 Nf6 5. f3 e5 6. Nb3 a5 7. c4 Nxe4 8. Be3
Nf6 9. Nc3 Be7 10. Be2 O-O 11. O-O Be6 12. Rc1 a4 13. Nd2 d5 14. cxd5 Nxd5 15.
Nxd5 Bxd5 16. Nc4 Bxc4 17. Rxc4 a3 18. b4 Nc6 19. Qb3 Nd4 20. Bxd4 exd4 21. Bd3
Bd6 22. Be4 Qh4 23. g3 Bxg3 24. Rc2 Bf4 25. Bxb7 Rab8 26. Bc6 Be3+ 27. Kh1 Qh3
28. Rg2 Rbd8 29. Be4 Rd6 30. f4 Rh6 31. b5 1-0

[Event "World Blitz 2016"]
[Site "Doha QAT"]
[Date "2016.12.29"]
[Round "5.42"]
[White "Gholami, Aryan"]
[Black "Amin, Bassem"]
[Result "1/2-1/2"]
[WhiteTitle "IM"]
[BlackTitle "GM"]
[WhiteElo "2422"]
[BlackElo "2662"]
[WhiteFideId "12513342"]
[BlackFideId "10601457"]
[EventDate "2016.12.29"]

1. c4 f5 2. Nc3 Nf6 3. d4 e6 4. Nf3 Be7 5. g3 O-O 6. Bg2 d6 7. O-O Qe8 8. Qc2
Qg6 9. b3 Ne4 10. Nxe4 fxe4 11. Nd2 d5 12. e3 Qh6 13. a3 Nd7 14. f4 c5 15. Bb2
cxd4 16. Bxd4 b6 17. cxd5 exd5 18. Nxe4 Ba6 19. Nc3 Rac8 20. Bxd5+ Kh8 21. Rfe1
Nf6 22. Bf3 Bc5 23. Qb2 Qg6 24. Bxc5 Rxc5 25. e4 Nd7 26. Qd2 Rc7 27. Nd5 Rb7 28.
Nb4 Nc5 29. Nxa6 Nxa6 30. b4 Re7 31. e5 Nc7 32. Qd6 Qf7 33. Rac1 Nb5 34. Qd3 Nc7
35. Qc4 Qf5 36. Be4 Qg4 37. Qd3 Ne6 38. Bf3 Nxf4 39. Qe4 Qg5 40. Kh1 Nh3 41. Rc2
Rfe8 42. Rce2 h6 43. Qd4 Rf7 44. Bg2 Rd8 45. Qe3 Qh5 46. e6 Re7 47. Qe5 Qxe5 48.
Rxe5 Nf2+ 49. Kg1 Nd3 50. Rd1 Nxe5 51. Rxd8+ Kh7 52. Bd5 Kg6 53. Rf8 h5 54. Kf2
Ng4+ 55. Kf3 Nf6 56. Bb3 Rc7 57. Ke2 Rc3 58. Bd1 Rc6 59. Bb3 Rc3 60. Bd1 Nd5 61.
a4 Re3+ 62. Kd2 Rxe6 63. Bb3 Rf6 64. Rxf6+ Nxf6 65. Ke2 Kf5 66. Kf3 Ke5 67. h4
Ne4 68. Bd1 Nc3 69. Bc2 a6 70. Ke3 Nd5+ 71. Kf3 Nxb4 72. Bg6 Nd3 73. Bxh5 b5 74.
axb5 axb5 75. Bf7 b4 76. Kg4 Kf6 77. Bb3 Nc5 78. Bc2 b3 79. Bb1 b2 80. h5 Na4
81. Bc2 Nc3 82. Kh4 b1=Q 83. Bxb1 Nxb1 84. g4 Nd2 85. h6 Nf3+ 86. Kg3 gxh6 87.
Kxf3 Ke5 1/2-1/2

[Event "World Blitz 2016"]
[Site "Doha QAT"]
[Date "2016.12.29"]
[Round "5.43"]
[White "Borisek, Jure"]
[Black "Tari, Aryan"]
[Result "1/2-1/2"]
[WhiteTitle "GM"]
[BlackTitle "GM"]
[WhiteElo "2561"]
[BlackElo "2584"]
[WhiteFideId "14603152"]
[BlackFideId "1510045"]
[EventDate "2016.12.29"]

1. e4 c6 2. d4 d5 3. e5 Bf5 4. Nf3 e6 5. Be2 Ne7 6. O-O c5 7. Be3 Nec6 8. dxc5
Nd7 9. c4 dxc4 10. Na3 Bxc5 11. Nxc4 O-O 12. Bf4 Qe7 13. Nd6 Bg4 14. Nxb7 Bxf3
15. Bxf3 Ncxe5 16. Nxc5 Nxf3+ 17. Qxf3 Nxc5 18. b4 Nd7 19. b5 Nb6 20. a4 Nd5 21.
Bd2 a6 22. bxa6 Rxa6 23. a5 Qd7 24. g3 h6 25. Rfc1 Rb8 26. Qd3 Qb5 27. Qxb5 Rxb5
28. Rab1 Rxb1 29. Rxb1 Ra7 30. Kf1 Kf8 31. Ke2 Ke7 32. Kd3 Kd6 33. Rb8 Kc5 34.
h4 h5 35. Rg8 g6 36. Rb8 Rd7 37. Ke2 Kc4 38. a6 Ra7 39. Rb7 Rxa6 40. Rxf7 e5 41.
Be3 Nxe3 42. Kxe3 Kd5 43. Kf3 Ke6 44. Rb7 Kf5 45. Rf7+ 1/2-1/2

[Event "World Blitz 2016"]
[Site "Doha QAT"]
[Date "2016.12.29"]
[Round "5.44"]
[White "Khusnutdinov, Rustam"]
[Black "Shytaj, Luca"]
[Result "1-0"]
[WhiteTitle "GM"]
[BlackTitle "IM"]
[WhiteElo "2458"]
[BlackElo "2435"]
[WhiteFideId "13701703"]
[BlackFideId "812633"]
[EventDate "2016.12.29"]

1. Nc3 e5 2. Nf3 Nc6 3. d4 exd4 4. Nxd4 Nf6 5. Bg5 Be7 6. Nf5 O-O 7. Qd3 Ne5 8.
Qg3 d6 9. Nxe7+ Qxe7 10. Nd5 Nxd5 11. Bxe7 Nxe7 12. O-O-O Be6 13. e4 f6 14. f4
N5c6 15. Qc3 Bf7 16. Bc4 Rae8 17. Rhe1 Ng6 18. g3 Bxc4 19. Qxc4+ Rf7 20. Re2 Kf8
21. Rde1 Rfe7 22. h4 Nh8 23. g4 Nf7 24. g5 a6 25. Kd2 Nfd8 26. gxf6 gxf6 27. Rg2
Ne6 28. Reg1 Ng7 29. Qd5 Nd8 30. h5 h6 31. Rg6 c6 32. Qd4 Nde6 33. Rxf6+ Rf7 34.
Qxd6+ Kg8 35. Rxf7 Kxf7 36. Kc1 Rd8 37. Qe5 Rd7 38. f5 Ng5 39. Rxg5 hxg5 40. h6 1-0

[Event "World Blitz 2016"]
[Site "Doha QAT"]
[Date "2016.12.29"]
[Round "5.45"]
[White "Zhang, Zhong"]
[Black "Xu, Yi"]
[Result "0-1"]
[WhiteTitle "GM"]
[BlackTitle "IM"]
[WhiteElo "2645"]
[BlackElo "2430"]
[WhiteFideId "8600694"]
[BlackFideId "8605564"]
[EventDate "2016.12.29"]

1. e4 e5 2. Nf3 Nc6 3. Bb5 a6 4. Ba4 Nf6 5. d4 exd4 6. O-O Be7 7. e5 Ne4 8. Bb3
Nc5 9. Bd5 O-O 10. Re1 Ne6 11. c3 dxc3 12. Nxc3 d6 13. exd6 Bxd6 14. Be3 Nf4 15.
Bxc6 bxc6 16. Bxf4 Bxf4 17. Qa4 Bd6 18. Qxc6 Rb8 19. Na4 Bb7 20. Qc3 Bxf3 21.
Qxf3 Qh4 22. g4 Rb4 23. Re4 Qxh2+ 24. Kf1 Rxe4 25. Qxe4 Qh3+ 26. Qg2 Qh4 27. Nc3
f5 28. Qd5+ Kh8 29. gxf5 Qh3+ 30. Qg2 Qxf5 31. Re1 Qc2 32. Nd1 Qc4+ 33. Kg1 Qxa2
34. Qe4 Qf7 35. Re2 h6 36. Kf1 Bc5 37. Qc6 Bb6 38. Qa4 a5 39. Qe4 Rd8 40. Nc3
Rf8 41. Nd1 Qh5 42. Qg2 Qb5 43. Qe4 Qb4 44. Nc3 Qb3 45. Kg2 Qf7 46. f3 Rd8 47.
Na4 Rd4 48. Qa8+ Kh7 49. Nxb6 cxb6 50. Qb8 Qg6+ 51. Kf2 Rc4 52. Qe5 Rc2 53. Rxc2
Qxc2+ 54. Kg3 a4 55. Qb5 Qg6+ 56. Kf2 Qd6 57. Qf5+ g6 58. Qf7+ Kh8 59. Qe8+ Kg7
60. Qxa4 Qd2+ 61. Kg3 Qd6+ 62. Kf2 h5 63. Qb3 Kh6 64. Qe3+ Kg7 65. Qc3+ Kh7 66.
Qb3 h4 67. Ke2 h3 68. Kf2 Qh2+ 69. Ke3 Qe5+ 70. Kf2 Qh2+ 71. Ke3 Qg1+ 72. Kf4
Qh2+ 73. Ke3 Qe5+ 74. Kf2 Kh6 75. Qb4 h2 76. Kg2 Qe2+ 77. Kh1 Qxf3+ 78. Kxh2
Qf2+ 79. Kh1 Qf1+ 80. Kh2 Qe2+ 81. Kg3 Qe3+ 82. Kg2 Qc5 83. Qb3 Qg5+ 84. Kh3
Qf5+ 85. Kg2 Qe4+ 86. Kg3 Qe1+ 87. Kg2 Qe2+ 88. Kg3 Qe5+ 89. Kg2 Qd4 90. Qb5
Qd2+ 91. Kf3 Qd1+ 92. Kf2 Qc2+ 93. Kg3 Qc5 94. Qb3 Kg7 95. Kg2 Qc6+ 96. Kg3 Qd6+
97. Kg2 g5 98. Qb5 Kg6 99. Qe8+ Kf6 100. Qh8+ Kf5 101. Qh7+ Qg6 102. Qd7+ Qe6
103. Qh7+ Ke5 104. Qg7+ Qf6 105. Qc7+ Kd5 106. Qd7+ Kc5 107. Qd2 Qf4 108. Qc3+
Kd6 109. Qb3 Qe4+ 110. Kg3 Qe5+ 111. Kf2 0-1

[Event "World Blitz 2016"]
[Site "Doha QAT"]
[Date "2016.12.29"]
[Round "5.46"]
[White "Perez Ponsa, Federico"]
[Black "Pantsulaia, Levan"]
[Result "1-0"]
[WhiteTitle "GM"]
[BlackTitle "GM"]
[WhiteElo "2585"]
[BlackElo "2607"]
[WhiteFideId "117927"]
[BlackFideId "13602071"]
[EventDate "2016.12.29"]

1. e4 c5 2. Nf3 e6 3. g3 Nc6 4. Bg2 Nf6 5. Qe2 d6 6. O-O Be7 7. c3 O-O 8. d3 Rb8
9. a3 b5 10. b4 a5 11. bxc5 dxc5 12. Rd1 Ba6 13. d4 Re8 14. a4 cxd4 15. cxd4 Nb4
16. Nc3 bxa4 17. Qd2 Rc8 18. Rxa4 Qc7 19. Bb2 Red8 20. Bf1 Bxf1 21. Kxf1 Qb7 22.
Qe2 Rxc3 23. Bxc3 Nxe4 24. Be1 Qd5 25. Rda1 Ra8 26. h4 h5 27. Kg1 g6 28. Kh2 Nf6
29. Kg2 Ng4 30. Kg1 Nc6 31. R4a2 Rb8 32. Rc2 Rb3 33. Rac1 Nb4 34. Rc8+ Kg7 35.
Ne5 Qxd4 36. Nxg4 Rxg3+ 37. Kh2 Qxg4 38. Qe5+ Bf6 39. Qxg3 Qe2 40. Bc3 Nd5 41.
Bxf6+ Nxf6 42. R8c2 Qe4 43. Kg1 a4 44. Rc4 Qe2 45. Rf4 Nd5 46. Rfc4 Qd2 47. Qe5+
Kh7 48. Rc8 f6 49. R1c7+ Nxc7 50. Qxc7+ 1-0

[Event "World Blitz 2016"]
[Site "Doha QAT"]
[Date "2016.12.29"]
[Round "5.47"]
[White "Venkatesh, M.R."]
[Black "Al-Sayed, Mohammed"]
[Result "0-1"]
[WhiteTitle "GM"]
[BlackTitle "GM"]
[WhiteElo "2439"]
[BlackElo "2508"]
[WhiteFideId "5005779"]
[BlackFideId "12100196"]
[EventDate "2016.12.29"]

1. d4 d5 2. Bf4 Nf6 3. e3 c5 4. Nc3 Nc6 5. Nb5 Bg4 6. f3 Bf5 7. Nc7+ Kd7 8. Nxa8
Qxa8 9. Bb5 cxd4 10. exd4 e6 11. Ne2 Be7 12. O-O Rc8 13. Rc1 a6 14. Bd3 Bxd3 15.
Qxd3 b5 16. a3 Na5 17. Bd2 Nc4 18. Bb4 Nxb2 19. Qb3 Na4 20. Bxe7 Kxe7 21. Qe3
Qc6 22. g4 h6 23. h4 Qd6 24. c3 Qxa3 25. g5 hxg5 26. hxg5 Nh5 27. Kf2 g6 28. f4
Qd6 29. Rh1 Nb2 30. Qe5 Nd3+ 31. Ke3 Nxe5 0-1

[Event "World Blitz 2016"]
[Site "Doha QAT"]
[Date "2016.12.29"]
[Round "5.48"]
[White "Neelotpal, Das"]
[Black "Ghaem Maghami, Ehsan"]
[Result "1-0"]
[WhiteTitle "GM"]
[BlackTitle "GM"]
[WhiteElo "2463"]
[BlackElo "2574"]
[WhiteFideId "5003512"]
[BlackFideId "12500739"]
[EventDate "2016.12.29"]

1. e4 c5 2. Nf3 e6 3. d4 cxd4 4. Nxd4 a6 5. c4 Nf6 6. Nc3 Bb4 7. Qd3 d6 8. Nc2
Bc5 9. Be2 Nc6 10. O-O O-O 11. Bg5 h6 12. Bh4 Ne5 13. Qd1 Qe7 14. Kh1 Ng6 15.
Bg3 Rd8 16. f4 e5 17. f5 Nf4 18. Bf3 Bd7 19. Bh4 Rdc8 20. g3 Nh3 21. Nd5 Qd8 22.
Bxf6 gxf6 23. Qd2 Ng5 24. Bg2 Kg7 25. h4 Nh7 26. Nce3 Kh8 27. Ng4 h5 28. Nh6 Qf8
29. Bf3 Qg7 30. Bxh5 Be8 31. g4 Bd4 32. b3 Bxa1 33. Rxa1 Bc6 34. Nxf7+ Kg8 35.
Ne7+ Kf8 36. Qxd6 Bxe4+ 37. Kh2 Re8 38. Nd5+ Kg8 39. g5 fxg5 40. Rg1 Bxd5 41.
cxd5 Rf8 42. Nxg5 Kh8 43. Nxh7 Qh6 44. Qxh6 1-0

[Event "World Blitz 2016"]
[Site "Doha QAT"]
[Date "2016.12.29"]
[Round "5.49"]
[White "Tissir, Mohamed"]
[Black "Lalith, Babu M R"]
[Result "1-0"]
[WhiteTitle "IM"]
[BlackTitle "GM"]
[WhiteElo "2376"]
[BlackElo "2587"]
[WhiteFideId "9000240"]
[BlackFideId "5024595"]
[EventDate "2016.12.29"]

1. e4 e5 2. Nf3 Nc6 3. Bc4 Bc5 4. c3 Nf6 5. d3 a6 6. Bb3 d6 7. Nbd2 O-O 8. Nf1
d5 9. exd5 Nxd5 10. Ng3 Re8 11. O-O Bb6 12. h3 h6 13. Re1 Be6 14. Ne4 Bf5 15.
Bxh6 Na5 16. Bg5 Qd7 17. Ba4 Nc6 18. Be3 Nxe3 19. fxe3 Rad8 20. Nh4 Bh7 21. Qh5
Qxd3 22. Ng5 Bxe3+ 23. Rxe3 Qxe3+ 24. Kh1 Rd7 25. Qxh7+ Kf8 26. Qh5 Qf4 27. Bb3
f6 28. Ng6# 1-0

[Event "World Blitz 2016"]
[Site "Doha QAT"]
[Date "2016.12.29"]
[Round "5.50"]
[White "Halkias, Stelios"]
[Black "Saeed, Ishaq"]
[Result "1-0"]
[WhiteTitle "GM"]
[BlackTitle "FM"]
[WhiteElo "2585"]
[BlackElo "2312"]
[WhiteFideId "4201809"]
[BlackFideId "9301453"]
[EventDate "2016.12.29"]

1. c4 Nf6 2. g3 e6 3. Nf3 b6 4. Bg2 Bb7 5. O-O Be7 6. d4 O-O 7. Re1 Qc8 8. Nc3
Ne4 9. Qc2 Nxc3 10. Qxc3 f5 11. Bg5 Bf6 12. Bxf6 Rxf6 13. Rad1 Be4 14. Bf1 Na6
15. Nd2 Bb7 16. e4 f4 17. b4 c5 18. bxc5 bxc5 19. d5 Nc7 20. d6 Ne8 21. e5 Rf7
22. Bg2 Bxg2 23. Kxg2 Qc6+ 24. Qf3 Qxf3+ 25. Nxf3 g6 26. Rb1 Ng7 27. g4 h5 28.
h3 hxg4 29. hxg4 Raf8 30. Rb7 Ra8 31. Reb1 Ne8 32. Rb8 Rxb8 33. Rxb8 Rf8 34. Rb7
Rf7 35. Ng5 1-0

[Event "World Blitz 2016"]
[Site "Doha QAT"]
[Date "2016.12.29"]
[Round "5.51"]
[White "Hirneise, Jens"]
[Black "Henriquez Villagra, Cristobal"]
[Result "0-1"]
[WhiteTitle "FM"]
[BlackTitle "IM"]
[WhiteElo "2315"]
[BlackElo "2517"]
[WhiteFideId "24614734"]
[BlackFideId "3409350"]
[EventDate "2016.12.29"]

1. e4 c5 2. Nf3 d6 3. d4 cxd4 4. Nxd4 Nf6 5. Nc3 Nc6 6. Bg5 e6 7. Qd2 a6 8.
O-O-O h6 9. Nxc6 bxc6 10. Bf4 d5 11. Qe3 Bb4 12. a3 Ba5 13. Be2 O-O 14. Qg3 Kh8
15. Be5 Rg8 16. Qh4 Bc7 17. Bxc7 Qxc7 18. Bd3 d4 19. e5 Qxe5 20. Ne2 c5 21. f4
Qh5 22. Qf2 Bb7 23. Ng3 Qd5 24. Rhg1 Qa2 25. Qe2 Qa1+ 26. Kd2 Qxb2 27. Rb1 Qc3+
28. Kd1 Bd5 29. Qe5 c4 30. Bf1 Ng4 31. Qe2 Ne3+ 32. Kc1 Qxa3+ 33. Kd2 Rab8 34.
Rxb8 Qa5+ 35. Kc1 Rxb8 0-1

[Event "World Blitz 2016"]
[Site "Doha QAT"]
[Date "2016.12.29"]
[Round "5.52"]
[White "Stratonowitsch, Andre"]
[Black "Kayumov, Sergey"]
[Result "0-1"]
[BlackTitle "GM"]
[WhiteElo "2138"]
[BlackElo "2505"]
[WhiteFideId "24613959"]
[BlackFideId "14200880"]
[EventDate "2016.12.29"]

1. e4 e5 2. Nf3 Nc6 3. Bb5 Nf6 4. O-O Nxe4 5. d4 Nd6 6. Bxc6 dxc6 7. dxe5 Nf5 8.
Qxd8+ Kxd8 9. Rd1+ Ke8 10. Nc3 h6 11. Ne4 Ne7 12. b3 Ng6 13. h3 Bf5 14. Re1 c5
15. Bb2 Kd7 16. Rad1+ Kc6 17. c4 a5 18. Nc3 Be6 19. Rd2 Be7 20. Red1 b6 21. Nb5
h5 22. Nc3 h4 23. Nd5 Bd8 24. Ne1 Bg5 25. Re2 a4 26. b4 cxb4 27. Nxb4+ Kb7 28.
Nd5 a3 29. Bd4 Nf4 30. Nxf4 Bxf4 31. c5 b5 32. c6+ Kxc6 33. Nd3 Bh6 34. Nb4+ Kb7
35. Rc2 Rhd8 36. Nc6 Rd7 37. Rb1 Rd5 38. Rc5 Rxc5 39. Bxc5 Kxc6 40. Rc1 Bxc1 0-1

[Event "World Blitz 2016"]
[Site "Doha QAT"]
[Date "2016.12.29"]
[Round "5.53"]
[White "khayat, Abdullah F"]
[Black "Atabayev, Yusup"]
[Result "0-1"]
[BlackTitle "IM"]
[WhiteElo "1732"]
[BlackElo "2473"]
[WhiteFideId "21500460"]
[BlackFideId "14001128"]
[EventDate "2016.12.29"]

1. Nf3 c5 2. g3 d5 3. d3 Nc6 4. Bg2 e5 5. O-O Nf6 6. Nbd2 h6 7. Re1 Be6 8. e4 d4
9. a3 Bd6 10. b3 O-O 11. Nc4 Bc7 12. Bd2 b5 13. Nb2 Qd7 14. Bc1 Bh3 15. Nd2 Bxg2
16. Kxg2 Ne7 17. Nf1 Ng6 18. h4 Nh7 19. a4 a6 20. axb5 axb5 21. Rxa8 Rxa8 22.
Bd2 Nf6 23. b4 Bd6 24. bxc5 Bxc5 25. c4 b4 26. Qe2 Ne7 27. f4 Nc6 28. fxe5 Nxe5
29. Bf4 Nfg4 30. Bxe5 Nxe5 31. Nh2 Ra2 32. Rb1 b3 33. Qh5 f6 34. g4 Qf7 35. Qf5
Qd7 36. Qxd7 Nxd7 37. Nf3 Ne5 38. Nd2 Ba3 39. Nxb3 Rxb2+ 40. Rxb2 Bxb2 41. Nc5
Nxg4 42. Kf3 Ne5+ 43. Kf4 Kf7 44. Na4 Nxd3+ 45. Kf3 Ne5+ 46. Kf4 Nxc4 0-1